000 00891nam a2200265 i 4500
001 bg
100 1 _aABRAMEK, Wiktor.
245 1 0 _aPrzykłady obliczeń elementów żelbetowych według normy PN-B-03264:2002.
_nCz.1,
_pPłyty i belki /
_cWiktor Abramek.
250 _a(Wyd. 3 popr.).
260 _aOpole :
_bOficyna Wydawnicza PO,
_c2004.
300 _a256 s. :
_brys. ;
_c24 cm.
490 1 _aSkrypt / Politechnika Opolska,
_x1427-9932 ;
_vnr 263
504 _aBibliogr. i wykaz norm s. 224.
650 9 _aBelka
_xprojekty
650 9 _aKonstrukcje żelbetowe
_xprojekty
650 9 _aPłyty konstrukcyjne
_xprojekty
655 _aPodręczniki akademickie
830 0 _aSkrypt (Politechnika Opolska) ;
_vnr 263
015 _aPB 5289/2005
040 _cBPK
041 0 _apol
080 _a624.012.45.001.13/.15(075.8)
942 _cKS
008 s pl f |000 0 pol
999 _c46313
_d46313
856 _uhttp://koha.tu.koszalin.pl/cgi-bin/koha/opac-detail.pl?biblionumber=46313
_yKatalog online BPK